00230nam a2200097Ia 4500100003000000654001400030245004400044260001600088082001600104546001200120 aSadasivan/T.A/ Sarathy/D  amachining aCutting tools for productive machining bWIDIAc1999 a671.53bSAD aENGLISH